<?xml version="1.0" encoding="UTF-8"?>
<record
    xmlns:xsi="http://www.w3.org/2001/XMLSchema-instance"
    xsi:schemaLocation="http://www.loc.gov/MARC21/slim http://www.loc.gov/standards/marcxml/schema/MARC21slim.xsd"
    xmlns="http://www.loc.gov/MARC21/slim">

  <leader>01326nam a22002657a 4500</leader>
  <controlfield tag="005">20170124103214.0</controlfield>
  <datafield tag="010" ind1=" " ind2=" ">
    <subfield code="a">B-011295</subfield>
  </datafield>
  <datafield tag="020" ind1=" " ind2=" ">
    <subfield code="c">400.00</subfield>
  </datafield>
  <datafield tag="035" ind1=" " ind2=" ">
    <subfield code="a">B-011295</subfield>
  </datafield>
  <datafield tag="037" ind1=" " ind2=" ">
    <subfield code="b">Cen Lib/Ret</subfield>
  </datafield>
  <datafield tag="040" ind1=" " ind2=" ">
    <subfield code="a">DPL</subfield>
    <subfield code="b">HN</subfield>
  </datafield>
  <datafield tag="082" ind1=" " ind2=" ">
    <subfield code="a">238</subfield>
    <subfield code="b">&#x92E;&#x928;&#x938;&#x93E; </subfield>
  </datafield>
  <datafield tag="100" ind1=" " ind2=" ">
    <subfield code="a">&#x92E;&#x928;&#x938;&#x93E;&#x930;&#x93E;&#x92E;&#x91C;&#x940;</subfield>
    <subfield code="9">97334</subfield>
  </datafield>
  <datafield tag="245" ind1=" " ind2=" ">
    <subfield code="a">&#x92A;&#x94C;&#x930;&#x93E;&#x923;&#x93F;&#x915; &#x92A;&#x94B;&#x932;&#x92A;&#x94D;&#x930;&#x915;&#x93E;&#x936; :</subfield>
    <subfield code="c">&#x92E;&#x928;&#x938;&#x93E;&#x930;&#x93E;&#x92E;&#x91C;&#x940; ; &#x938;&#x902;&#x92A;&#x93E;&#x926;&#x915; &#x91C;&#x917;&#x926;&#x940;&#x936;&#x94D;&#x935;&#x930;&#x93E;&#x928;&#x928;&#x94D;&#x926; &#x938;&#x930;&#x938;&#x94D;&#x935;&#x924;&#x940; </subfield>
    <subfield code="b">&#x906;&#x930;&#x94D;&#x92F;&#x938;&#x92E;&#x93E;&#x91C; &#x915;&#x940; &#x92E;&#x94C;&#x924; &#x915;&#x93E; &#x92E;&#x941;&#x902;&#x939;&#x924;&#x94B;&#x921;&#x93C; &#x909;&#x924;&#x94D;&#x924;&#x930; /</subfield>
  </datafield>
  <datafield tag="246" ind1=" " ind2=" ">
    <subfield code="a">Pauranik polprakash : aryasamaj ki maut ka munhtod uttar /</subfield>
    <subfield code="b">by Mansaramji ; sampadak Jagdeeshvranad Sarasvati</subfield>
  </datafield>
  <datafield tag="260" ind1=" " ind2=" ">
    <subfield code="a">&#x926;&#x93F;&#x932;&#x94D;&#x932;&#x940; </subfield>
    <subfield code="b">&#x935;&#x93F;&#x91C;&#x92F;&#x915;&#x941;&#x92E;&#x93E;&#x930; &#x917;&#x94B;&#x935;&#x93F;&#x928;&#x94D;&#x926;&#x930;&#x93E;&#x92E; &#x939;&#x93E;&#x938;&#x93E;&#x928;&#x902;&#x926; </subfield>
    <subfield code="c">2000</subfield>
  </datafield>
  <datafield tag="270" ind1=" " ind2=" ">
    <subfield code="b">&#x926;&#x93F;&#x932;&#x94D;&#x932;&#x940;</subfield>
    <subfield code="a">4407, &#x928;&#x92F;&#x940; &#x938;&#x921;&#x93C;&#x915; </subfield>
    <subfield code="e">110006</subfield>
  </datafield>
  <datafield tag="300" ind1=" " ind2=" ">
    <subfield code="a">580&#x92A;&#x943; </subfield>
    <subfield code="c">22&#x938;&#x947;&#x92E;&#x940;(&#x938;&#x91C;&#x93F;&#x932;&#x94D;&#x926; ) </subfield>
  </datafield>
  <datafield tag="650" ind1=" " ind2=" ">
    <subfield code="a">&#x927;&#x930;&#x94D;&#x92E; </subfield>
    <subfield code="x"> </subfield>
    <subfield code="z"> </subfield>
    <subfield code="9">97335</subfield>
  </datafield>
  <datafield tag="650" ind1=" " ind2=" ">
    <subfield code="a">&#x927;&#x930;&#x94D;&#x92E; &#x92A;&#x94C;&#x930;&#x93E;&#x923;&#x93F;&#x915; &#x936;&#x93E;&#x938;&#x94D;&#x924;&#x94D;&#x930; </subfield>
    <subfield code="9">81963</subfield>
  </datafield>
  <datafield tag="650" ind1=" " ind2=" ">
    <subfield code="a">religion</subfield>
    <subfield code="9">97336</subfield>
  </datafield>
  <datafield tag="650" ind1=" " ind2=" ">
    <subfield code="a">Religion mythological iconography</subfield>
    <subfield code="9">97337</subfield>
  </datafield>
  <datafield tag="700" ind1=" " ind2=" ">
    <subfield code="a">&#x91C;&#x917;&#x926;&#x940;&#x936;&#x94D;&#x935;&#x930;&#x93E;&#x928;&#x928;&#x94D;&#x926; &#x938;&#x930;&#x938;&#x94D;&#x935;&#x924;&#x940; </subfield>
    <subfield code="9">97338</subfield>
  </datafield>
  <datafield tag="942" ind1=" " ind2=" ">
    <subfield code="2">ddc</subfield>
    <subfield code="c">HN</subfield>
    <subfield code="h">238 </subfield>
    <subfield code="m">&#x92E;&#x928;&#x938;&#x93E; </subfield>
  </datafield>
  <datafield tag="999" ind1=" " ind2=" ">
    <subfield code="c">121430</subfield>
    <subfield code="d">121430</subfield>
  </datafield>
  <datafield tag="952" ind1=" " ind2=" ">
    <subfield code="0">0</subfield>
    <subfield code="1">3</subfield>
    <subfield code="4">0</subfield>
    <subfield code="7">0</subfield>
    <subfield code="a">L</subfield>
    <subfield code="b">L</subfield>
    <subfield code="d">2015-10-06</subfield>
    <subfield code="e">Cen Lib/Ref</subfield>
    <subfield code="g">400.00</subfield>
    <subfield code="l">0</subfield>
    <subfield code="o">238 &#x92E;&#x928;&#x938;&#x93E;</subfield>
    <subfield code="p">B-011295</subfield>
    <subfield code="r">2015-10-06 00:00:00</subfield>
    <subfield code="t">1</subfield>
    <subfield code="v">400.00</subfield>
    <subfield code="w">2015-10-06</subfield>
    <subfield code="y">HN</subfield>
  </datafield>
</record>
